A history of Islamic law /

محفوظ في:

المؤلف الرئيسي: Coulson, Noel J.

التنسيق: كتاب

اللغة: English

منشور في: Edinburgh : Edinburgh University Press, 2007, ©1964.

سلاسل: Islamic surveys ; 2.

الموضوعات:

الوسوم: إضافة وسم

لا توجد وسوم, كن أول من يضع وسما على هذه التسجيلة!

رقم الطلب: DS39 .C852 2007

LEADER 00570nam a2200193Ia 4500
003 OSt
005 20260105143121.0
008 220401t20071964stk 000 0 eng d
040 |c ARCE Library 
050 4 |a DS39 .C852 2007 
100 1 |a Coulson, Noel J.,   |q (Noel James) 
245 1 2 |a A history of Islamic law /   |c N. J. Coulson. 
264 1 |a Edinburgh :   |b Edinburgh University Press,   |c 2007, ©1964. 
300 |a viii, 264 pages ;   |c 22 cm. 
490 0 |a Islamic surveys ;   |v 2. 
650 0 |a Islamic law   |x History. 
901 |a reviewed 
942 |2 lcc  |c BK 
999 |c 47045  |d 47045